Financial Management. (Record no. 8230)

MARC details
000 -LEADER
fixed length control field 00507nam a22002057a 4500
003 - CONTROL NUMBER IDENTIFIER
control field OSt
005 - DATE AND TIME OF LATEST TRANSACTION
control field 20231018122508.0
008 - FIXED-LENGTH DATA ELEMENTS--GENERAL INFORMATION
fixed length control field 231018b |||||||| |||| 00| 0 eng d
020 ## - INTERNATIONAL STANDARD BOOK NUMBER
International Standard Book Number 9789390577255
040 ## - CATALOGING SOURCE
Transcribing agency DDC.
082 ## - DEWEY DECIMAL CLASSIFICATION NUMBER
Classification number 658.15 PAN 2021.
100 ## - MAIN ENTRY--PERSONAL NAME
Personal name Pandey,I M;
9 (RLIN) 16779
245 ## - TITLE STATEMENT
Title Financial Management.
250 ## - EDITION STATEMENT
Edition statement 12th ed.
260 ## - PUBLICATION, DISTRIBUTION, ETC. (IMPRINT)
Place of publication, distribution, etc. New Delhi,
Name of publisher, distributor, etc. pearson.
Date of publication, distribution, etc. 2021.
300 ## - PHYSICAL DESCRIPTION
Extent ix,921p;
Other physical details ill,
Dimensions 28cm.
504 ## - BIBLIOGRAPHY, ETC. NOTE
Bibliography, etc includes index.
650 ## - SUBJECT ADDED ENTRY--TOPICAL TERM
Topical term or geographic name as entry element management
9 (RLIN) 364
942 ## - ADDED ENTRY ELEMENTS (KOHA)
Source of classification or shelving scheme Dewey Decimal Classification
Koha item type Book Bank
Holdings
Withdrawn status Lost status Source of classification or shelving scheme Damaged status Not for loan Home library Current library Date acquired Source of acquisition Inventory number Total Checkouts Full call number Barcode Date last seen Price effective from Koha item type
    Dewey Decimal Classification     MUST Main Library Faculty of Management Science Library 18/10/2023 purchase 23/40262   658.15 PAN 2021. 2023-0681 18/10/2023 18/10/2023 Book Bank
    Dewey Decimal Classification     MUST Main Library Faculty of Management Science Library 18/10/2023 purchase 23/40261   658.15 PAN 2021. 2023-0682 18/10/2023 18/10/2023 Book Bank
    Dewey Decimal Classification     MUST Main Library Faculty of Management Science Library 18/10/2023 purchase 23/40263   658.15 PAN 2021. 2023-0683 18/10/2023 18/10/2023 Book Bank
    Dewey Decimal Classification     MUST Main Library Faculty of Management Science Library 18/10/2023 purchase 23/40265   658.15 PAN 2021. 2023-0684 18/10/2023 18/10/2023 Book Bank
    Dewey Decimal Classification     MUST Main Library Faculty of Management Science Library 18/10/2023 purchase 23/40266   658.15 PAN 2021. 2023-0685 18/10/2023 18/10/2023 Book Bank
    Dewey Decimal Classification     MUST Main Library Faculty of Management Science Library 18/10/2023 purchase 23/40262   658.15 PAN 2021. 2023-0686 18/10/2023 18/10/2023 Book Bank
    Dewey Decimal Classification     MUST Main Library Faculty of Management Science Library 18/10/2023 purchase 23/40267   658.15 PAN 2021. 2023-0687 18/10/2023 18/10/2023 Book Bank